000 01720nam a2200313Ia 4500
999 _c53377
_d53377
001 20420
003 GE_BSU
005 20201202223308.0
008 181216s1991||||ge |||||||||||||| ||geo||
040 _cGE_BSU
041 _ageo
080 _a811.353.1-8(075.3) შ-21
100 _aშანიძე, აკაკი
_99816
245 _aქართული ენა :(ლექსიკა და ფრაზეოლოგია, მორფოლოგია, ორთოგრაფია, მეტყველების განვითარება) :
_bმე-6 კლასის სახელმძღვანელო /
_cაკაკი შაინიძე ; რედ. : ე. პოლოლიკაშვილი, ნ. ნოდია.
250 _aმე-6 გამოცემა დაამტკიცა საქართველოს რესპუბლიკის განათლების სამინისტრომ
264 _aთბილისი :
_bგანათლება,
_c1991.
300 _a128 გვ. ;
_c20 სმ.
541 _h3ლ.70თ.
653 _aლექსიკა
653 _aფრაზეოლოგია
653 _aმორფოლოგია
653 _aორთოგრაფია
653 _aმეტყველების განვითარება
653 _aმე-6 კლასის სახელმძღვანელო
653 _aქართული ენა
700 _aპოლოლიკაშვილი, ე.
_eრედაქტორი
_94959
700 _aნოდია,ნ.
_eრედაქტორი
_99817
942 _cBK
_2udc